Ozvena PSV závodný časopis zamestnancov Stavoindustrie n. p. závod 9 PSV Banská Bystrica-Kráľová

Podrobná bibliografia
Korporácia: Stavoindustria, n.p. (Banská Bystrica, Slovensko) (Vydavateľ), Pohronské tlačiarne, n.p. (Banská Bystrica, Slovensko) (tlač.)
Ďalší autori: Rosa, Štefan (Šéfredaktor, zodpovedný redaktor)
Médium: Časopis
Jazyk:slovenčina
Fyzický popis:2 roč. 31 x 21 cm
Vydavateľské údaje: Banská Bystrica-Kráľová ZO KSS, ZS ROH, ZS ČSM a vedenie závodu 9 PSV, Stavoindustria, n. p. 1954-1955
Predmet:

MARC

LEADER 00000nas a22000001a 4500
001 vtls010301874
003 SK-MaSNL
005 20260228162501.0
008 110810d19541955xo er p r 0 b0slo
015 |a SNBDS17XX9999 
015 |a 1046  |2 Balúnová 1945-60 
038 |a SNKBUDS 
040 |a SNK  |b slo  |c SNK  |e AACR2 
041 0 |a slo 
044 |a xo  |c SK 
080 |a 624.9  |2 2001 
080 |a 070.489  |2 2001 
080 |a 69  |2 2001 
245 0 0 |a Ozvena PSV  |b závodný časopis zamestnancov Stavoindustrie n. p. závod 9 PSV Banská Bystrica-Kráľová 
260 |a Banská Bystrica-Kráľová  |b ZO KSS, ZS ROH, ZS ČSM a vedenie závodu 9 PSV, Stavoindustria, n. p.  |c 1954-1955 
300 |a 2 roč.  |c 31 x 21 cm 
310 |a 1x za dva týždne 
362 0 |a Roč. I, č. 1 (8.11.1954)-roč. II, č. 7 (30.4.01955) 
500 |a Vych. v Banskej Bystrici-Kráľová dvojtýždenne 
500 |a Zodp. red. Štefan Rosa 
500 |a Vyd. ZO KSS, ZS ROH, ZS ČSM a vedenie závodu 9 PSV, Stavoindustria, n. p., Banská Bystrica-Kráľová 
500 |a Tlač. Pohronské tlačiarne, n. p. Banská Bystrica 
500 |a Vych. od 8. nov. 1954. Posl. č. 7/II (30. apr. 1955). Pov. PK č. 9-2353/54-II z 10. júla 1954 
505 8 0 |g Roč. I. 1954 4 č. po 4 s. 
505 8 0 |g Roč. II. 1955 7 č. po 2-4 s. 
610 2 7 |a Stavoindustria, n.p. (Banská Bystrica)  |x časopisy  |2 SNKBUDS  |9 271206 
650 0 7 |a stavebný priemysel  |2 SNKBUDS  |9 269914 
650 0 7 |a pozemné stavby  |2 SNKPH  |9 1612 
655 7 |a podnikové časopisy  |2 SNKBUDS  |9 265225 
700 1 |a Rosa, Štefan  |4 pbd  |9 271207 
710 2 |a Stavoindustria, n.p. (Banská Bystrica, Slovensko)  |e vydav.  |9 271208 
710 2 |a Pohronské tlačiarne, n.p. (Banská Bystrica, Slovensko)  |e tlač.  |9 271209 
852 |a SNK  |b 10000  |h ČSB 850 
852 |a UKB  |b 300000  |h 20 B 2842 
852 |a SVKKK  |b 900000  |h C 350 
852 |a UKB  |b 300000  |h SB 5395 
999 |c 7943  |d 9873